Tribhuvan University Central Library

भाषा पाठ्यक्रम, पाठ्यपुस्तक तथा शिक्षण पद्धति / (Record no. 119800)

MARC details
000 -LEADER
fixed length control field 00817nam a22001697a 4500
008 - FIXED-LENGTH DATA ELEMENTS--GENERAL INFORMATION
fixed length control field 250127b |||||||| |||| 00| 0 eng d
020 ## - INTERNATIONAL STANDARD BOOK NUMBER
International Standard Book Number 9789994675883
082 ## - DEWEY DECIMAL CLASSIFICATION NUMBER
Edition number N491.495071/D133b
100 ## - MAIN ENTRY--PERSONAL NAME
Personal name Dhakal, Shanti Prasad
241 ## - ROMANIZED TITLE (BK AM CF MP MU VM)
Romanized title Bhasha pathyakram, pathyapustak tatha shikshan paddhiti/ Shanti Prasad Dhakal
245 ## - TITLE STATEMENT
Title भाषा पाठ्यक्रम, पाठ्यपुस्तक तथा शिक्षण पद्धति /
Statement of responsibility, etc. शान्तिप्रसाद ढकाल.
260 ## - PUBLICATION, DISTRIBUTION, ETC.
Place of publication, distribution, etc. काठमाडौंः
Name of publisher, distributor, etc. अक्सफोर्ड इन्टरनेसनल पब्लिकेसन,
Date of publication, distribution, etc. २०६४वि.
300 ## - PHYSICAL DESCRIPTION
Extent ३१२पृ.
650 ## - SUBJECT ADDED ENTRY--TOPICAL TERM
Topical term or geographic name entry element Language and languages–Study and teaching
650 ## - SUBJECT ADDED ENTRY--TOPICAL TERM
Topical term or geographic name entry element Nepali language–Curricula
942 ## - ADDED ENTRY ELEMENTS (KOHA)
Source of classification or shelving scheme Dewey Decimal Classification
Koha item type ISBN
Holdings
Withdrawn status Lost status Source of classification or shelving scheme Damaged status Not for loan Home library Current library Date acquired Total Checkouts Full call number Barcode Date last seen Price effective from Koha item type
    Dewey Decimal Classification     Tribhuvan University Central Library Tribhuvan University Central Library 01/27/2025   N491.495071/D133b IS6149 01/27/2025 01/27/2025 ISBN